| 000 | 00543cam a22002171 4500 | ||
|---|---|---|---|
| 001 | sa 65010452 | ||
| 003 | DLC | ||
| 005 | 20260227112208.0 | ||
| 008 | 900122s1965 ii 000 0 tamo | ||
| 010 | _asa 65010452 | ||
| 035 | _a(OCoLC)20941313 | ||
| 040 |
_aDLC _cWaU _dDLC |
||
| 043 | _aa-ii--- | ||
| 050 | 0 | 0 |
_aDS434 _b.N34 |
| 100 | 1 |
_aNaṭarājan̲, Es., _d1918-1985. |
|
| 245 | 1 | 0 | _aCutantirap pōril Tamil̲ar paṅku. |
| 260 | _c[1965] | ||
| 300 |
_a95 p. _c18 cm. |
||
| 500 | _aIn Tamil. | ||
| 651 | 0 |
_aIndia, South _vBiography. |
|
| 999 |
_c66758 _d66758 |
||